Statistics for Game Of Thrones Quiz

Click here to take the quiz!

General Stats

  • This quiz has been taken 64 times
  • The average score is 87 of 120

Answer Stats

QuestionAnswer% Correct
Colour of the Kings Landing City Guards Cloaks | Viserys is Killed With Molten...Gold
100%
Ned Stark's Eldest DaughterSansa
100%
How Many Dragons Does Daenarys Have3
98%
Which Kingdom Contains SunspearDorne
98%
The Top House of this Kingdom (Above)Martell
98%
Ned Starks Youngest ChildRickon
98%
Which Kingdom Contains WinterfellThe North
98%
The Top House of this Kingdom (Above)Tyrell
98%
How Many Kingdoms of Westeros7
95%
The Top House of this Kingdom (Above)Arryn
95%
Surname of the HoundClegane
95%
What is the Name of Daenarys' Largest DragonDrogon
95%
The House that Hold this Castle (Mentioned Above)Frey
95%
Jaime's Slanderous NicknameKingslayer
95%
Is Season 8 of the TV Series Good?NO
95%
The Top House of this Kingdom (Above)Stark
95%
What Disease do Shireen Baratheon and Jorah Mormont Both Get in their LivesGreyscale
93%
Robb Stark's Direwolf's NameGrey Wind
93%
The Sigil of House LannisterLion
93%
Surname of Illegitimate Children Born in DorneSand
93%
Ned Stark's Youngest Son's Direwolf NameShaggydog
93%
Tormund Tells of a Tale Before the Wildilings Attack Castle Black, What does he Claim to Have Had Relations With?A Bear
90%
Jon Snow's Real NameAegon Targaryen
90%
The Top House of this Kingdom (Above)Baratheon
90%
Island that Jorah Mormont is FromBear Island
90%
Tyrion's Sellsword FriendBronn
90%
The Sigil of House BoltonFlayed Man
90%
First Name of the MountainGregor
90%
Title of a Dothraki LeaderKhal
90%
Head of House Bolton at the Time of the Red WeddingRoose Bolton
90%
Actor Who Plays Eddard StarkSean Bean
90%
Who Holds this Title (Mentioned Above) During the Battle of the Black WaterTyrion
90%
The Targaryen Maester at Castle BlackAemon
88%
Jon's Direwolf's NameGhost
88%
The Name of The Castle with the Bridge Robb's Army Must CrossThe Twins
88%
Redheaded Wildling Man Who Befriends Jon SnowTormund
88%
The Dragon The Night King Rides is CalledViserion
88%
What Metal Precedes the Bank of BraavosIron
85%
The King Beyond The WallMance Rayder
85%
Brienne's Squire is CalledPodrick
85%
TheTitle of the Second to the King in The Seven Kindoms isThe Hand
85%
Who Holds the DoorHodor
83%
The Sigil of House GreyjoyKraken
83%
Name of Arya's SwordNeedle
83%
The Dragon Jon Rides is CalledRhaegal
83%
Who Killed RhaegarRobert Baratheon
83%
Which Kingdom Contains HighgardenThe Reach
83%
Which Kingdom Contains the EyrieThe Vale
83%
Words of House StarkWinter is Coming
83%
The Tully's Home Castle isRiverrun
80%
The Iron Throne is Situated Inside Which CastleThe Red Keep
80%
What Substance is Used to Destroy Stannis' FleetWildfire
80%
What is Asha Greyjoy's Name Changed To in the SeriesYara
80%
Where is the Citadel LocatedOldtown
78%
The Name of Daenarys Unborn Child with DrogoRhaego
78%
What is the Road That Robert's Party Takes From Winterfell To Kings LandingThe Kings Road
78%
"The Watchers on the Wall"The Nights Watch
78%
What is Davos Seaworth's NicknameThe Onion Knight
78%
What Was Joffrey's Valerian Steel Sword (From His Wedding Day) CalledWidows Wail
78%
Who is Sheltering Daenarys and Viserys in Episode 1Magister Illyrio
76%
Name of the Horrible Child Who Betrays Jon and Kills YgritteOlly
76%
In Which City Do We First See DaenarysPentos
76%
What is the Name of the Region in Which Daenarys Attempts to Abolish SlaverySlavers Bay
76%
The Gods Worshipped in a Sept are know asThe Seven
76%
Which City in this Region (Mentioned Above) Does Daenarys Obtained her Unsullied Army FromAstapor
73%
Sawell Tarly's Brother's NameDickon
73%
Who was Rhaegar Targaryen's FIRST WifeElia Martell
73%
The Red Preists and Preistess' Follow Which GodThe Lord of Light
73%
Who is Refered to As "The Spider"Varys
73%
Theon's Father's nameBalon Greyjoy
71%
Where does Jaqen H'gar Repay his Debt to AryaHarrenhal
71%
What is Bran's Direwolf CalledSummer
71%
The Gods of the First Men and Children of the Forrest are known asThe Old Gods
71%
What does Bran Become in Season 6Three Eyed Raven
71%
Name of the Giant that Fights For Jon at the Battle to Retake WinterfellWun Wun
71%
Where is Jeor Mormont KilledCrasters Keep
68%
What is Catelyn's Brother CalledEdmure
68%
What is The Stark's Valerian Steel Sword CalledIce
68%
To Kill a Man And Take an Item From Him Is Known to the Ironborn as "Paying the ...."Iron Price
68%
Qyburn's Weapon to Kill Dragons is Called a ....Scorpion
68%
What Organisation is Based at the House of Black and WhiteThe Faceless Men
68%
Which Kindom Contains Storm's EndThe Stormlands
68%
The Extinct House Rain Where From WhereCastamere
66%
What name does Arya's Overweight Travel Companion go by?Hot Pie
66%
What is the Name of The Dothraki HomelandVaes Dothrak
66%
Words of House GreyjoyWe Do Not Sow
66%
"The Lone Wolf Dies, But..."The Pack Survives
63%
Which Sellsword Group is Daario Naharis a Part of When he First AppearsThe Second Sons
63%
When Melisandre Describes Stannis as "Born amongst Salt and Smoke", What Food Does Renly Then Compare Him To ("Is he a ...")Ham
61%
Where is Missandei FromNaath
61%
Where Does Jon First See the Night KingHardhome
59%
Name of Jon's SwordLongclaw
59%
God of the IronbornThe Drowned God
59%
The Wall Was Built ByBrandon The Builder
56%
This Man (Mentioned Above) Has a Son who Travels Beyond the Wall, What is this Son's NameJojen Reed
56%
Mysterious Place at the End of the Known World Mellisandre is fromAsshai
54%
Actor Who portrays TheonAlfie Allen
51%
Who Killed Ser Arthur DayneHowland Reed
51%
Gendry's Helm is in the Shape of a ...Bulls Head
49%
Torrhen Stark is Known As the "King Who ..."Knelt
49%
God of the Faceless Men (A God That Exists Within In All Other Religions) Hint: In the Seven: This God is Known as The StrangerDeath
46%
What is the Name of the Trees That the Starks Pray ToWeirwood
46%
Daario Naharis Appears before Daenarys Before She Takes Which CityYunkai
46%
Who's Statue Does Arya Climb To Witness Ned's ExecutionBaelor
44%
Hafthor Bjornsson Portrays the Mountain From Season 4 Onwards. What Nationality Is He?Icelandic
44%
What Was Joffreys First Sword Called (Arya Throws it in the Trident)Lions Tooth
44%
Who Conspired With Petyr Baelish to Sucessfully Kill King JoffreyOlena Tyrell
44%
Who Rescues Davos after the Battle of the BlackwaterSalladhor Saan
39%
The Name of Euron Greyjoy's ShipSilence
39%
Ser Arthur Dayne Dies Outside the Tower of Joy, What Was His NicknameThe Sword of the Morning
39%
Before Daenarys Liberates Mereen, What is The Symbol of the CityThe Harpy
37%
The Unofficial Word of House Greyjoy. "............ But Rises Again Harder and Stronger"What is Dead May Never Die
37%
Finish the Tyrion Quote "A mind needs books, like a sword needs a...."Whetstone
37%
What is This Character's (Answer to The Previous Question) Real NameWylis
34%
What Castle Does Ramsay Ask Theon (As Reek) To "Bring Him"Moat Cailin
32%
The Large Statue in Braavos is known asThe Titan
29%
The Targaryens Originally Come FromValeriya
24%
The Name of The Holy Book of the SevenThe Seven Pointed Star
22%
High Valerian Word for "Little Brother"Valonqar
12%

Score Distribution

Percentile by Number Answered

Percent of People with Each Score

Your Score History

You have not taken this quiz